[Event "Ch Paris (open)"]
[Site "masterchessopen.com Paris (France)"]
[Round "4"]
[White "Bauer Christian (FRA)"]
[Black "Mohandesi Shahin (IRI)"]
[Result "1-0"]
[WhiteElo "2585"]
[BlackElo "2324"]

1.e4 c5 2.Nf3 d6 3.d4 cxd4 4.Nxd4 Nf6 5.Nc3 Nc6 6.Bg5 e6 7.Qd2 a6 8.O-O-O Bd7
9.f4 b5 10.Bxf6 gxf6 11.Nxc6 Bxc6 12.Bd3 Qb6 13.Qe1 Be7 14.Kb1 Qc5 15.f5 b4
16.Ne2 e5 17.Ng3 a5 18.Qe2 a4 19.Bc4 Bd8 20.Rd2 Ra7 21.Rhd1 Rd7 22.b3 a3
23.Qg4 Kf8 24.Qh5 d5 25.exd5 Ba8 26.Qh6+ Ke8 27.Ne4 Qb6 28.Qg7 Rf8 29.g4 {#r}
1-0

[Event "It \"]
[Site "masterchessopen.com Philadelphia (USA)"]
[Round "1"]
[White "Zaichik Gennadi (USA)"]
[Black "Dean Jim H (USA)"]
[Result "1-0"]
[WhiteElo "2509"]
[BlackElo "2248"]

1.e4 c5 2.Nf3 Nc6 3.d4 cxd4 4.Nxd4 Nf6 5.Nc3 d6 6.Bg5 e6 7.Qd2 a6 8.O-O-O Bd7
9.f4 b5 10.Nxc6 Bxc6 11.Qe1 Qc7 12.Bxf6 gxf6 13.Nd5 Bxd5 14.exd5 e5 15.Bd3 h5
16.Kb1 Bh6 17.Rf1 Qe7 18.Qc3 Ra7 19.Bf5 Kf8 20.fxe5 fxe5 21.Bg6 f6 22.Bxh5 Bf4
23.Qc8+ Kg7 24.Qg4+ {#r} 1-0

[Event "Ch Croatia (team) (1st league)"]
[Site "masterchessopen.com Pula (Croatia)"]
[Round "6"]
[White "Vujakovic Branko (CRO)"]
[Black "Kozul Zdenko (CRO)"]
[Result "0-1"]
[WhiteElo "2372"]
[BlackElo "2569"]

1.e4 c5 2.Nf3 d6 3.d4 cxd4 4.Nxd4 Nf6 5.Nc3 Nc6 6.Bg5 e6 7.Qd2 a6 8.O-O-O Bd7
9.f4 b5 10.Bxf6 gxf6 11.Kb1 Qb6 12.Nxc6 Bxc6 13.f5 Qc5 14.Bd3 h5 15.fxe6 fxe6
16.Rhf1 Bg7 17.e5 f5 18.exd6 O-O-O 19.Ne2 Rxd6 20.Rde1 Bh6 21.Qa5 Bxg2 22.Rg1
Bb7 23.Rg6 Qc7 24.Qa3 Kb8 25.Nc3 Bd2 26.Re2 b4 {#R} 0-1

[Event "It (cat.4)"]
[Site "masterchessopen.com Rijeka (Croatia)"]
[Round "3"]
[White "Zelenika Srdjan (CRO)"]
[Black "Muslija Idris (CRO)"]
[Result "1-0"]
[WhiteElo "2331"]
[BlackElo "2215"]

1.e4 c5 2.Nf3 Nc6 3.d4 cxd4 4.Nxd4 Nf6 5.Nc3 d6 6.Bg5 e6 7.Qd2 a6 8.O-O-O Bd7
9.f4 Rc8 10.Nf3 Qa5 11.Kb1 b5 12.e5 b4 13.exf6 bxc3 14.fxg7 Rb8 15.b3 Bxg7
16.Qxd6 Rb7 17.Ne5 Bxe5 18.fxe5 Rg8 19.Bc1 Rg4 20.Be2 Ra4 21.a3 Nb4 22.Bh6 Kd8
23.Bg5+ Kc8 24.Qf8+ {#r} 1-0

[Event "It (open)"]
[Site "masterchessopen.com Voronezh (Russia)"]
[Round "5"]
[White "Karpeshov Oleg (RUS)"]
[Black "Kotov Viktor (RUS)"]
[Result "1-0"]
[WhiteElo "2410"]
[BlackElo "2252"]

1.e4 c5 2.Nf3 Nc6 3.d4 cxd4 4.Nxd4 Nf6 5.Nc3 d6 6.Bg5 e6 7.Qd2 a6 8.O-O-O Bd7
9.f4 b5 10.Bxf6 gxf6 11.Kb1 Qb6 12.Nce2 Rc8 13.g3 Na5 14.b3 Nb7 15.Bg2 Nc5
16.Rhe1 b4 17.Qe3 Bg7 18.g4 Ke7 19.Ng3 Rhd8 20.Nh5 Bh8 21.g5 fxg5 22.Nf5+ exf5
23.exf5+ Be6 24.fxe6 f5 25.Ng3 Rf8 26.Nxf5+ Rxf5 27.Qh3 Rcf8 28.Qxh7+ Ke8
29.e7 {#r} 1-0

[Event "It (cat.10)"]
[Site "masterchessopen.com Wijk aan Zee (Netherlands)"]
[Round "5"]
[White "Vink Nico (NED)"]
[Black "Hoeksema Hendrik Pieter (NED)"]
[Result "0-1"]
[WhiteElo "2302"]
[BlackElo "2360"]

1.e4 c5 2.Nf3 d6 3.d4 cxd4 4.Nxd4 Nf6 5.Nc3 Nc6 6.Bg5 e6 7.Qd2 a6 8.O-O-O Bd7
9.f3 b5 10.Nxc6 Bxc6 11.Ne2 Rc8 12.Nd4 Bb7 13.g4 Be7 14.Be3 Nd7 15.h4 d5
16.exd5 Bxd5 17.Nf5 O-O 18.Rg1 Ne5 19.Qd4 f6 20.g5 Bc5 21.gxf6 Qxf6 22.Ne7+
Bxe7 23.Be2 Bc5 {#R} 0-1

[Event "It (young masters)"]
[Site "masterchessopen.com Witley (England)"]
[Round "8"]
[White "Palliser Richard (ENG)"]
[Black "Vigus James (ENG)"]
[Result "0-1"]
[WhiteElo "2443"]
[BlackElo "2311"]

1.e4 c5 2.Nf3 Nc6 3.d4 cxd4 4.Nxd4 Nf6 5.Nc3 d6 6.Bg5 e6 7.Qd2 a6 8.O-O-O Bd7
9.f4 h6 10.Bh4 g5 11.fxg5 Nh7 12.Bg3 hxg5 13.Be2 Be7 14.Rhf1 Nf8 15.Nxc6 Bxc6
16.Qd4 Rh7 17.e5 dxe5 18.Qxe5 Nd7 19.Rxd7 Bxd7 20.Bd3 f5 21.Bxf5 exf5 22.Nd5
Kf8 23.Nc7 Rc8 24.Ne6+ Bxe6 25.Qxe6 f4 26.Bxf4 gxf4 27.Rxf4+ Kg7 28.Rf7+ Kh8
29.Qe5+ Kg8 {#R} 0-1

[Event "Ch Poland (juniors) (under 18)"]
[Site "masterchessopen.com Zakopane (Poland)"]
[Round "6"]
[White "Jakubowski Krzysztof (POL)"]
[Black "Tomczak Rafal (POL)"]
[Result "1-0"]
[WhiteElo "2387"]
[BlackElo "2302"]

1.e4 c5 2.Nf3 d6 3.d4 cxd4 4.Nxd4 Nf6 5.Nc3 Nc6 6.Bg5 e6 7.Qd2 a6 8.O-O-O Bd7
9.f3 Rc8 10.Kb1 Be7 11.h4 b5 12.Nxc6 Bxc6 13.Ne2 Qc7 14.Nd4 Bd7 15.g4 Rb8
16.Be3 O-O 17.h5 a5 18.g5 Ne8 19.Bd3 f5 20.exf5 e5 21.Ne6 Bxe6 22.fxe6 d5
23.Bxh7+ Kxh7 24.g6+ Kg8 25.h6 Nf6 26.hxg7 Kxg7 27.Bb6 {#r} 1-0

[Event "Ch Ukraine"]
[Site "masterchessopen.com Alushta (Ukraine)"]
[Round "3"]
[White "Malikov Vladimir (UKR)"]
[Black "Golovanj Andrej (UKR)"]
[Result "0-1"]
[WhiteElo "2139"]
[BlackElo "2218"]

1.e4 c5 2.Nf3 d6 3.d4 cxd4 4.Nxd4 Nf6 5.Nc3 Nc6 6.Bg5 e6 7.Qd2 a6 8.O-O-O Bd7
9.Nxc6 bxc6 10.e5 dxe5 11.Ne4 Nxe4 12.Bxd8 Nxd2 13.Rxd2 Kxd8 14.Be2 Be7
15.Rhd1 Bg5 {#R} 0-1

[Event "It (cat.8)"]
[Site "masterchessopen.com Alushta (Ukraine)"]
[Round "1"]
[White "Kurnosov Igor (RUS)"]
[Black "Selin Oleg (RUS)"]
[Result "1-0"]
[WhiteElo "2477"]
[BlackElo "2396"]

1.e4 c5 2.Nf3 Nc6 3.d4 cxd4 4.Nxd4 Nf6 5.Nc3 d6 6.Bg5 e6 7.Qd2 a6 8.O-O-O Bd7
9.f3 Be7 10.Kb1 Qa5 11.Be3 b5 12.Nb3 Qd8 13.g4 h6 14.h4 Ne5 15.Qg2 g6 16.Ne2
Qc7 17.Ng3 Rc8 18.Nd4 Nc6 19.Bd3 d5 20.g5 dxe4 21.Bxe4 Nxe4 22.Nxe4 h5 23.Nb3
Rd8 24.Qf2 Bc8 25.Bb6 Rxd1+ 26.Rxd1 Qb8 27.Nf6+ Bxf6 28.gxf6 O-O 29.Qc5 Bb7
30.Na5 {#r} 1-0

[Event "Staatsliga 2001/02"]
[Site "masterchessopen.com Austria"]
[Round "6"]
[White "Wegener Dirk (GER)"]
[Black "Popovic Petar (SRB)"]
[Result "0-1"]
[WhiteElo "2324"]
[BlackElo "2513"]

1.e4 c5 2.Nf3 d6 3.d4 cxd4 4.Nxd4 Nf6 5.Nc3 Nc6 6.Bg5 e6 7.Qd2 a6 8.O-O-O Bd7
9.f4 b5 10.Bxf6 gxf6 11.Kb1 Qb6 12.Nce2 h5 13.Qe1 Na5 14.f5 e5 15.Nb3 Nc4
16.Nc3 Ne3 17.Rd3 Bh6 18.Be2 Rc8 19.Bxh5 b4 20.Nd5 Nxd5 21.Rxd5 Ke7 22.Qd1 Bg5
23.h4 Bf4 24.g4 Bc6 25.Rxd6 Qc7 26.Rd3 Bxe4 27.Re1 Bxd3 28.cxd3 a5 29.g5 a4
30.Nd4 Rxh5 {#R} 0-1

[Event "Ch Europe (juniors) (under 20)"]
[Site "masterchessopen.com Baku (Azerbaijan)"]
[Round "7"]
[White "Guseinov Gadir (AZE)"]
[Black "Mamedov Nidjat (AZE)"]
[Result "1-0"]
[WhiteElo "2505"]
[BlackElo "2460"]

1.e4 c5 2.Nc3 d6 3.Nf3 Nf6 4.d4 cxd4 5.Nxd4 Nc6 6.Bg5 e6 7.Qd2 a6 8.O-O-O Bd7
9.f4 h6 10.Bh4 Nxe4 11.Qe1 Nf6 12.Nf5 Qa5 13.Nxd6+ Bxd6 14.Rxd6 Qc7 15.Rd2
Qxf4 16.Bxf6 Qxf6 17.Ne4 Qf4 18.Nd6+ Ke7 19.g3 Qxd6 20.Rxd6 Kxd6 21.Qf2 Ke7
22.Qc5+ Kd8 23.Bg2 Rc8 24.Rd1 Rc7 25.Bxc6 Rxc6 26.Qd4 {#r} 1-0

[Event "It (open)"]
[Site "masterchessopen.com Bled (Slovenia)"]
[Round "9"]
[White "Brkic Ante (CRO)"]
[Black "Kozul Zdenko (CRO)"]
[Result "1-0"]
[WhiteElo "2402"]
[BlackElo "2587"]

1.e4 c5 2.Nf3 Nc6 3.d4 cxd4 4.Nxd4 Nf6 5.Nc3 d6 6.Bg5 e6 7.Qd2 a6 8.O-O-O Bd7
9.f4 b5 10.Bxf6 gxf6 11.Nxc6 Bxc6 12.Qe3 Qe7 13.Bd3 Qa7 14.Qe1 Rc8 15.Nd5 Bg7
16.Qg3 Kf8 17.Ne3 h5 18.Rhe1 h4 19.Qg4 a5 20.Kb1 a4 21.f5 e5 22.c4 b4 23.Bf1
a3 24.b3 Bh6 25.Nd5 Bxd5 26.Rxd5 Ke7 27.Red1 Bf4 28.Rxd6 Rcd8 29.Re6+ {#r} 1-0

[Event "Olympiad (w)"]
[Site "masterchessopen.com Bled (Slovenia)"]
[Round "10"]
[White "Mongontuul Bathuyag (MGL)"]
[Black "Pina Sulennis (SUL)"]
[Result "1-0"]
[WhiteElo "2344"]
[BlackElo "2292"]

1.e4 c5 2.Nf3 d6 3.d4 cxd4 4.Nxd4 Nf6 5.Nc3 Nc6 6.Bg5 e6 7.Qd2 a6 8.O-O-O Bd7
9.f3 b5 10.Nxc6 Bxc6 11.g4 Be7 12.h4 Qa5 13.Kb1 h6 14.Be3 Nd7 15.Qf2 Rc8
16.Rg1 b4 17.Ne2 d5 18.Nd4 dxe4 19.Nxc6 Rxc6 20.fxe4 Bc5 21.g5 Bxe3 22.Qxe3
Qc5 23.Qd2 Ne5 {#r} 1-0

[Event "Cup Winter (cat.3)"]
[Site "masterchessopen.com Bucharest (Romania)"]
[Round "6"]
[White "Nanu Ciprian-Costica (ROM)"]
[Black "Raceanu Valentin (ROM)"]
[Result "1-0"]
[WhiteElo "2456"]
[BlackElo "2365"]

1.e4 c5 2.Nf3 d6 3.d4 Nf6 4.Nc3 cxd4 5.Nxd4 Nc6 6.Bg5 e6 7.Qd2 a6 8.O-O-O Bd7
9.Kb1 b5 10.Nxc6 Bxc6 11.f3 Be7 12.Bf4 e5 13.Bg5 Qb6 14.h4 b4 15.Nd5 Bxd5
16.exd5 O-O 17.g4 a5 18.Be3 Qb7 19.h5 Nd7 20.g5 a4 21.g6 b3 22.cxb3 axb3 23.a3
e4 24.gxh7+ Kh8 25.Bd4 Bf6 26.h6 g6 27.Bh3 Bxd4 28.Qxd4+ f6 29.Qxe4 f5 30.Qe7
Nc5 31.Qxd6 {#r} 1-0

[Event "Memorial M.Najdorf (open)"]
[Site "masterchessopen.com Buenos Aires (Argentina)"]
[Round "2"]
[White "Duarte Leonardo (ARG)"]
[Black "Bielicki Carlos (ARG)"]
[Result "0-1"]
[WhiteElo "2144"]
[BlackElo "2289"]

1.e4 c5 2.Nf3 d6 3.d4 cxd4 4.Nxd4 Nf6 5.Nc3 Nc6 6.Bg5 e6 7.Qd2 a6 8.O-O-O Bd7
9.f4 h6 10.Bxf6 gxf6 11.Bc4 Qa5 12.f5 Nxd4 13.Qxd4 Be7 14.Be2 h5 15.Rhf1 O-O-O
16.Rf3 Kb8 17.b4 Qc7 18.b5 axb5 19.Bxb5 Rc8 20.Rd2 Bxb5 21.Nxb5 Qa5 22.Qb2 Rc4
23.Rb3 Rxe4 24.c3 Qa6 25.Nd4 Rc8 26.Rb6 Qa7 27.Rb3 Rxd4 28.Rxd4 Qxd4 29.Qc2
Qf4+ 30.Kb2 Qxf5 {#R} 0-1

[Event "Ch Netherlands (open)"]
[Site "masterchessopen.com Dieren (Netherlands)"]
[Round "8"]
[White "L'Ami Erwin (NED)"]
[Black "Jens Jelmer (NED)"]
[Result "1-0"]
[WhiteElo "2438"]
[BlackElo "2359"]

1.e4 c5 2.Nf3 d6 3.d4 cxd4 4.Nxd4 Nf6 5.Nc3 Nc6 6.Bg5 e6 7.Qd2 a6 8.O-O-O Bd7
9.f3 Be7 10.h4 Rc8 11.g4 h5 12.gxh5 Nxh5 13.Rg1 Nxd4 14.Qxd4 Rc6 15.Bxe7 Qxe7
16.Rg5 Qf6 17.e5 Qh6 18.f4 f6 19.exf6 gxf6 20.Rxh5 Qxh5 21.Ne4 Qxh4 22.Nxd6+
Kf8 23.Kb1 Rh7 24.Bg2 Rc7 25.b3 Bc6 26.Bxc6 Rxc6 27.Nf5 exf5 28.Qd8+ Kg7
29.Rd7+ {#r} 1-0

[Event "It (open)"]
[Site "masterchessopen.com Dubai (United Arab Emirates)"]
[Round "9"]
[White "Nisipeanu Liviu-Dieter (ROM)"]
[Black "Magerramov Elmar (AZE)"]
[Result "1-0"]
[WhiteElo "2592"]
[BlackElo "2558"]

1.e4 c5 2.Nf3 d6 3.d4 cxd4 4.Nxd4 Nf6 5.Nc3 Nc6 6.Bg5 e6 7.Qd2 a6 8.O-O-O Bd7
9.f4 b5 10.Nxc6 Bxc6 11.Qe3 Be7 12.Bxf6 Bxf6 13.e5 Be7 14.Ne4 Bxe4 15.Qxe4 O-O
16.h4 Qc7 17.Bd3 g6 18.h5 dxe5 19.hxg6 hxg6 20.fxe5 Rad8 21.Qf4 Rfe8 22.Rh7
{#r} 1-0

[Event "It (open)"]
[Site "masterchessopen.com Dubai (United Arab Emirates)"]
[Round "2"]
[White "Visweswaran K (IND)"]
[Black "Bakre Tejas (IND)"]
[Result "0-1"]
[WhiteElo "2320"]
[BlackElo "2464"]

1.e4 c5 2.Nf3 d6 3.d4 cxd4 4.Nxd4 Nf6 5.Nc3 Nc6 6.Bg5 a6 7.Qd2 e6 8.O-O-O Bd7
9.f4 b5 10.Bxf6 gxf6 11.Kb1 Qb6 12.Nce2 h5 13.g3 Na5 14.b3 Rb8 15.c3 Nb7
16.Bg2 Nc5 17.Rhf1 a5 18.Nc2 Bc6 19.Qe3 f5 20.Ned4 Bxe4 21.Bxe4 Nxe4 22.Rfe1
Qc5 23.Rd3 Rc8 24.Kb2 Bg7 25.Red1 b4 26.c4 d5 27.Kb1 dxc4 {#R} 0-1

[Event "It (b)"]
[Site "masterchessopen.com Essen (Germany)"]
[Round "4"]
[White "Fleck Juergen (GER)"]
[Black "De Gleria Francesco (GER)"]
[Result "1-0"]
[WhiteElo "2422"]
[BlackElo "2421"]

1.e4 c5 2.Nf3 d6 3.d4 cxd4 4.Nxd4 Nf6 5.Nc3 Nc6 6.Bg5 e6 7.Qd2 a6 8.O-O-O Bd7
9.f3 Rc8 10.g4 b5 11.Nxc6 Rxc6 12.Bd3 Be7 13.Ne2 O-O 14.h4 h5 15.gxh5 Nxh5
16.Rhg1 Rc5 17.Be3 Qc7 18.Bxc5 Qxc5 19.Qh6 g6 20.f4 Bf6 21.f5 exf5 22.exf5
Bxf5 23.Qxh5 Qe3+ 24.Kb1 Bxd3 25.cxd3 Re8 26.Rg2 {#r} 1-0

[Event "Ch Finland (team) 2001/02"]
[Site "masterchessopen.com Finland"]
[Round "7"]
[White "Saastamoinen Aarne (FIN)"]
[Black "Fieandt John (FIN)"]
[Result "1-0"]
[WhiteElo "2169"]
[BlackElo "2180"]

1.e4 c5 2.Nf3 d6 3.d4 cxd4 4.Nxd4 Nf6 5.Nc3 a6 6.Bg5 Nc6 7.Qd2 e6 8.O-O-O Bd7
9.f4 b5 10.Bxf6 gxf6 11.Nxc6 Bxc6 12.Bd3 Qb6 13.Rhf1 Be7 14.Kb1 O-O-O 15.Ne2
Kb7 16.g4 h5 17.g5 Qc5 18.h4 Rdf8 19.c3 e5 20.b4 Qb6 21.fxe5 fxg5 22.exd6 Bxd6
23.Qxg5 Qc7 24.Nd4 Bd7 25.Qd5+ Ka7 26.Rf6 Be5 27.Nc6+ Bxc6 28.Rxc6 Qe7 29.Bxb5
{#r} 1-0

[Event "Ch France (team) (2) 2001/02"]
[Site "masterchessopen.com France"]
[Round "5"]
[White "Tayeb Djimid (FRA)"]
[Black "Rapinel Franck (FRA)"]
[Result "1-0"]
[WhiteElo "2173"]
[BlackElo "2201"]

1.e4 c5 2.Nf3 Nc6 3.d4 cxd4 4.Nxd4 Nf6 5.Nc3 d6 6.Bg5 e6 7.Qd2 a6 8.O-O-O Bd7
9.f3 Be7 10.h4 b5 11.Nxc6 Bxc6 12.Ne2 Qc7 13.Nd4 Bb7 14.g4 Rc8 15.Bd3 O-O
16.h5 d5 17.e5 Ne8 18.Bxe7 Qxe7 19.g5 Nc7 20.Rdg1 Rce8 21.Bxh7+ Kxh7 22.g6+
Kg8 23.h6 f5 24.hxg7 Qxg7 25.Qf4 {#r} 1-0

[Event "Bundesliga 2002/03"]
[Site "masterchessopen.com Germany"]
[Round "1"]
[White "Joachim Sven (GER)"]
[Black "Heinbuch Detlef (GER)"]
[Result "1-0"]
[WhiteElo "2471"]
[BlackElo "2365"]

1.e4 c5 2.Nf3 Nc6 3.d4 cxd4 4.Nxd4 Nf6 5.Nc3 d6 6.Bg5 e6 7.Qd2 a6 8.O-O-O Bd7
9.f4 h6 10.Bh4 g5 11.fxg5 Ng4 12.Be2 Nge5 13.Nf3 Be7 14.Rhg1 b5 15.Kb1 Ng6
16.Bg3 Nce5 17.Nxe5 dxe5 18.Bh5 Bxg5 19.Qf2 Qc7 20.Rgf1 O-O 21.h4 Bf4 22.Ne2
Bxg3 23.Qxg3 Be8 24.Nd4 {#r} 1-0

[Event "It (open) (juniors) (under 20)"]
[Site "masterchessopen.com Hengelo (Netherlands)"]
[Round "7"]
[White "Freeke Matthieu (NED)"]
[Black "Mazajchik Tim (NED)"]
[Result "0-1"]
[WhiteElo "2323"]
[BlackElo "2206"]

1.e4 c5 2.Nf3 d6 3.d4 cxd4 4.Nxd4 Nf6 5.Nc3 Nc6 6.Bg5 e6 7.Qd2 a6 8.O-O-O Bd7
9.f4 b5 10.Nf3 b4 11.Bxf6 Qxf6 12.Ne2 Qd8 13.Nfd4 Qb6 14.e5 Nxd4 15.Nxd4 dxe5
16.fxe5 Qc7 17.Qg5 Rc8 18.Bxa6 Ra8 19.Nb5 Qc5 20.Rxd7 Kxd7 21.Rd1+ Kc6 22.Nd4+
Kb6 23.Be2 Be7 24.Qxg7 Rxa2 25.Qxh8 Ra1+ 26.Kd2 Qxd4+ 27.Ke1 Qg1+ 28.Kd2 Bg5+
{#R} 0-1

[Event "It (open) \"]
[Site "masterchessopen.com Jyvaskyla (Finland)"]
[Round "5"]
[White "Nyysti Sampsa (FIN)"]
[Black "Kosmo Santul (FIN)"]
[Result "1-0"]
[WhiteElo "2443"]
[BlackElo "2147"]

1.e4 c5 2.Nf3 d6 3.d4 cxd4 4.Nxd4 Nf6 5.Nc3 Nc6 6.Bg5 e6 7.Qd2 a6 8.O-O-O Bd7
9.f3 Be7 10.h4 Rc8 11.Kb1 h5 12.Qe1 Nxd4 13.Rxd4 Qa5 14.Rd1 Rc5 15.g3 O-O
16.Be3 Rc6 17.Nd5 Qxe1 18.Nxe7+ Kh8 19.Rxe1 {#r} 1-0

[Event "It (open) \"]
[Site "masterchessopen.com Kharkov (Ukraine)"]
[Round "5"]
[White "Ushenina Anna (UKR)"]
[Black "Andreev Eduard (UKR)"]
[Result "0-1"]
[WhiteElo "2291"]
[BlackElo "2471"]

1.Nf3 c5 2.e4 d6 3.d4 cxd4 4.Nxd4 Nf6 5.Nc3 Nc6 6.Bg5 e6 7.Qd2 a6 8.O-O-O Bd7
9.f4 h6 10.Bh4 g5 11.fxg5 Ng4 12.Kb1 Be7 13.Nf3 Nge5 14.Be2 hxg5 15.Bg3 b5
16.Rdf1 Rc8 17.Nd1 Nxf3 18.Rxf3 Ne5 19.Bxe5 dxe5 20.Rhf1 Bc6 21.Rd3 Qc7 22.Bg4
b4 23.Re1 Ba4 24.c3 {#R} 0-1

[Event "Cup Independence (open)"]
[Site "masterchessopen.com Kiev (Ukraine)"]
[Round "3"]
[White "Novoselsky Oleg (UKR)"]
[Black "Shishkin Vadim (UKR)"]
[Result "0-1"]
[WhiteElo "2195"]
[BlackElo "2404"]

1.e4 c5 2.Nf3 Nc6 3.d4 cxd4 4.Nxd4 Nf6 5.Nc3 d6 6.Bg5 e6 7.Qd2 a6 8.O-O-O Bd7
9.f4 b5 10.Bxf6 gxf6 11.Nxc6 Bxc6 12.Qe1 b4 13.Nd5 a5 14.Kb1 Bg7 15.f5 Bxd5
16.exd5 e5 17.Bb5+ Ke7 18.Qh4 h5 19.h3 Qb6 20.Ba4 Qc5 21.Rhf1 Rag8 22.Qf2 Qxf2
23.Rxf2 Bh6 24.Re1 Rg3 25.Bb5 Rhg8 26.Be2 Rxg2 27.Rxg2 Rxg2 28.Bxh5 Bd2 29.Bf3
Rf2 {#R} 0-1

[Event "Ch Poland (1/2 final)"]
[Site "masterchessopen.com Lubniewice (Poland)"]
[Round "8"]
[White "Bobras Piotr (POL)"]
[Black "Lagowski Patryk (POL)"]
[Result "1-0"]
[WhiteElo "2441"]
[BlackElo "2359"]

1.e4 c5 2.Nf3 Nc6 3.Nc3 d6 4.d4 cxd4 5.Nxd4 Nf6 6.Bg5 e6 7.Qd2 a6 8.O-O-O Bd7
9.f4 b5 10.Nxc6 Bxc6 11.Qe3 h6 12.Bxf6 gxf6 13.Kb1 Be7 14.f5 b4 15.Ne2 e5
16.Ng3 h5 17.Bc4 h4 18.Nf1 Qc7 19.Bd5 Bxd5 20.Rxd5 Rc8 21.Qd3 Bf8 22.Ne3 Rg8
23.b3 Qa7 24.Nc4 Rxg2 25.Rd1 Rg1 26.Qe2 Rxd1+ 27.Rxd1 Rc6 28.Qe1 a5 29.Qxh4 a4
30.Qe1 Ra6 {#r} 1-0

[Event "Ch Poland (1/2 final)"]
[Site "masterchessopen.com Lubniewice (Poland)"]
[Round "4"]
[White "Mickiewicz Piotr (POL)"]
[Black "Tomczak Rafal (POL)"]
[Result "1-0"]
[WhiteElo "2280"]
[BlackElo "2313"]

1.e4 c5 2.Nf3 d6 3.d4 cxd4 4.Nxd4 Nf6 5.Nc3 Nc6 6.Bg5 e6 7.Qd2 a6 8.O-O-O Bd7
9.f4 h6 10.Bh4 g5 11.fxg5 Ng4 12.Be2 Nge5 13.Nf3 Be7 14.Rdg1 Rg8 15.Bf2 hxg5
16.Nxe5 Nxe5 17.Be3 Bc6 18.Rf1 Qa5 19.Bh5 b5 20.Qf2 b4 21.Bb6 {#r} 1-0

[Event "It (open) \"]
[Site "masterchessopen.com Moscow (Russia)"]
[Round "3"]
[White "Asrian Karen (ARM)"]
[Black "Galliamova Alisa (RUS)"]
[Result "1-0"]
[WhiteElo "2596"]
[BlackElo "2496"]

1.e4 c5 2.Nf3 Nc6 3.d4 cxd4 4.Nxd4 Nf6 5.Nc3 d6 6.Bg5 e6 7.Qd2 a6 8.O-O-O Bd7
9.f4 h6 10.Bh4 g5 11.fxg5 Ng4 12.Nxc6 Bxc6 13.Be2 Ne5 14.Kb1 Be7 15.Rhf1 hxg5
16.Bg3 b5 17.Bxe5 dxe5 18.Bh5 Bf6 19.Qf2 Qe7 20.g4 Rh6 21.h4 b4 22.hxg5 bxc3
23.Qb6 Bb5 24.gxh6 Kf8 25.Rf2 Kg8 26.Qd6 Rf8 27.h7+ Kxh7 {#r} 1-0

[Event "It (open) \"]
[Site "masterchessopen.com Moscow (Russia)"]
[Round "9"]
[White "Firman Nazar (UKR)"]
[Black "Galliamova Alisa (RUS)"]
[Result "1-0"]
[WhiteElo "2496"]
[BlackElo "2496"]

1.e4 c5 2.Nf3 d6 3.d4 cxd4 4.Nxd4 Nf6 5.Nc3 Nc6 6.Bg5 e6 7.Qd2 a6 8.O-O-O Bd7
9.f4 h6 10.Bh4 g5 11.fxg5 Ng4 12.Nf3 hxg5 13.Bg3 Nge5 14.Kb1 g4 15.Nxe5 Nxe5
16.Be2 Qa5 17.Rhf1 Rh7 18.Nd5 Qxd2 19.Nf6+ Ke7 20.Rxd2 {#r} 1-0

[Event "It (open)"]
[Site "masterchessopen.com Padrun (Spain)"]
[Round "6"]
[White "Bjerring Kai (DEN)"]
[Black "Pina Sulennis (SUL)"]
[Result "1-0"]
[WhiteElo "2286"]
[BlackElo "2292"]

1.e4 c5 2.Nf3 d6 3.d4 cxd4 4.Nxd4 Nf6 5.Nc3 Nc6 6.Bg5 e6 7.Qd2 a6 8.O-O-O Bd7
9.f4 b5 10.Bxf6 gxf6 11.Nxc6 Bxc6 12.Qe1 Be7 13.Bd3 Qb6 14.Kb1 b4 15.Ne2 d5
16.exd5 Bxd5 17.Nd4 Bxg2 18.Rg1 Bd5 19.Be4 Rd8 20.Nb3 Bxe4 21.Qxe4 Rxd1+
22.Rxd1 O-O 23.Qg2+ Kh8 24.Rg1 Qxg1+ 25.Qxg1 {#r} 1-0

[Event "Ch Europe (juniors) (under 18)"]
[Site "masterchessopen.com Peniscola (Spain)"]
[Round "8"]
[White "Ibarra Jerez Jose Carlos (ESP)"]
[Black "D'Costa Lorin (ENG)"]
[Result "1-0"]
[WhiteElo "2364"]
[BlackElo "2285"]

1.e4 c5 2.Nf3 d6 3.d4 cxd4 4.Nxd4 Nf6 5.Nc3 Nc6 6.Bg5 e6 7.Qd2 a6 8.O-O-O Bd7
9.f3 Rc8 10.Kb1 Be7 11.h4 b5 12.g4 h5 13.gxh5 Nxh5 14.Rg1 g6 15.Nxc6 Rxc6
16.Bd3 b4 17.Ne2 Qb6 18.Bxe7 Kxe7 19.e5 d5 20.Qg5+ Ke8 21.Nf4 Qd8 22.Nxh5 Qxg5
23.Rxg5 gxh5 24.Rdg1 Ke7 25.Rg8 Rxg8 26.Rxg8 Rc8 27.Rxc8 Bxc8 28.f4 f5 29.Be2
a5 30.Bxh5 Ba6 31.Kc1 {#r} 1-0

[Event "It (cat.9)"]
[Site "masterchessopen.com Santo Antonio (Portugal)"]
[Round "7"]
[White "Korneev Oleg (RUS)"]
[Black "Damaso Rui (POR)"]
[Result "1-0"]
[WhiteElo "2613"]
[BlackElo "2429"]

1.e4 c5 2.Nf3 d6 3.d4 cxd4 4.Nxd4 Nf6 5.Nc3 Nc6 6.Bg5 e6 7.Qd2 a6 8.O-O-O Bd7
9.f3 Qa5 10.Be3 b5 11.Nxc6 Bxc6 12.Kb1 Be7 13.g4 Rc8 14.Bd3 Nd7 15.g5 Nc5
16.h4 b4 17.Ne2 Na4 18.Nd4 Bb5 19.h5 O-O 20.f4 Bc4 21.Nb3 Qb5 22.f5 exf5
23.exf5 Rfe8 24.f6 Bxd3 25.cxd3 gxf6 26.g6 hxg6 27.hxg6 fxg6 28.Qh2 {#r} 1-0

[Event "Cup Rilton"]
[Site "masterchessopen.com Stockholm (Sweden)"]
[Round "8"]
[White "Furhoff Johan (SWE)"]
[Black "Hitzgerova Gabriela (CZE)"]
[Result "0-1"]
[WhiteElo "2302"]
[BlackElo "2225"]

1.e4 c5 2.Nf3 d6 3.d4 cxd4 4.Nxd4 Nf6 5.Nc3 Nc6 6.Bg5 e6 7.Qd2 a6 8.O-O-O Bd7
9.f3 Rc8 10.Kb1 Be7 11.h4 Qc7 12.g4 Nxd4 13.Qxd4 b5 14.Be3 O-O 15.g5 b4
16.Qxb4 Rb8 17.Qc4 Qb7 18.Bc1 Rfc8 19.Qxa6 Qc7 20.Qd3 Nh5 21.Bd2 Ng3 22.Rg1
Qb6 {#R} 0-1

[Event "Ch Great Britain"]
[Site "masterchessopen.com Torquay (England)"]
[Round "4"]
[White "Lane Gary W (AUS)"]
[Black "Wells Peter K (ENG)"]
[Result "0-1"]
[WhiteElo "2421"]
[BlackElo "2486"]

1.e4 c5 2.Nf3 Nc6 3.d4 cxd4 4.Nxd4 Nf6 5.Nc3 d6 6.Bg5 e6 7.Qd2 a6 8.O-O-O Bd7
9.f3 Be7 10.g4 h5 11.gxh5 Nxh5 12.Bxe7 Qxe7 13.Nde2 g5 14.Rg1 Ne5 15.Qe3 Rc8
16.Rxg5 Nc4 17.Qg1 Qf6 18.e5 Qh6 19.f4 dxe5 20.Ne4 Nf6 21.N2c3 Ke7 22.Kb1 Nxe4
23.Nxe4 Qxh2 24.Nc5 Nd2+ 25.Kc1 Qxg1 26.Rxg1 Rxc5 27.Rxd2 exf4 {#R} 0-1

[Event "Cup Russia (open)"]
[Site "masterchessopen.com Tula (Russia)"]
[Round "8"]
[White "Averjanov Alexey (UKR)"]
[Black "Selin Oleg (RUS)"]
[Result "1-0"]
[WhiteElo "2403"]
[BlackElo "2396"]

1.e4 c5 2.Nf3 Nc6 3.d4 cxd4 4.Nxd4 Nf6 5.Nc3 d6 6.Bg5 e6 7.Qd2 a6 8.O-O-O Bd7
9.f3 Be7 10.h4 Qa5 11.g4 b5 12.Nxc6 Bxc6 13.Kb1 b4 14.Ne2 O-O 15.Nd4 Ba4
16.Be3 Rfc8 17.g5 Nd7 18.h5 Ne5 19.g6 Nxf3 20.Qf2 Ne5 21.gxf7+ Nxf7 22.Bh6 Bd7
23.Nxe6 Bf6 24.Rg1 Kh8 25.Nxg7 b3 26.axb3 Rxc2 {#r} 1-0